| 000 | 00547cam a2200205ua 4500 | ||
|---|---|---|---|
| 001 | 10712 | ||
| 008 | 160314n II |||gr||||Z||||||eng | ||
| 040 | _aMAIN | ||
| 041 | _aEnglish | ||
| 082 | _a580 RAJ | ||
| 100 | _aRAJKHOWA, R.C. | ||
| 245 | _aHIGHER SECONDARY QUESTION BANK IN BIOLOGY (For XI) | ||
| 250 | _aREP. | ||
| 260 |
_aNEW DELHI _bS.CHAND & COMPANY _c2006. |
||
| 300 |
_a384: _c20CM. |
||
| 500 | _aTransferred to Sanaskriti Junior College, SGC | ||
| 653 | _aPlants (Botany) | ||
| 700 |
_aRAJKHOWA, R.C., _eAuthor. |
||
| 942 | _cBK | ||
| 999 |
_c10681 _d10681 |
||